Dirección de la producción : desiciones estratégicas / Jay Heizer, Render Barry (Registro nro. 15472)
[ vista simple ]
| 000 -LÍDER | |
|---|---|
| fixed length control field | 00508nam a2200169 4500 |
| 008 - ELEMENTOS DE LONGITUD FIJA -- INFORMACIÓN GENERAL | |
| fixed length control field | 0 1997 0a 000 0ESP |
| 020 ## - NÚMERO INTERNACIONAL NORMALIZADO PARA LIBROS | |
| ISBN | 84-89660-12-3 |
| 050 ## - SIGNATURA TOPOGRAFICA DE LA BIBLIOTECA DEL CONGRESO (LC) | |
| Número de Clasificación | TS155 H37318 1997 |
| 082 ## - NUMERO DE CLASIFICACION DECIMAL DEWEY | |
| Número de Clasificación | 658.5 H465d |
| 100 ## - ASIENTO PRINCIPAL--NOMBRE PERSONAL | |
| Nombre personal | Heizer, Jay |
| 245 ## - TÍTULO | |
| Título | Dirección de la producción : desiciones estratégicas / Jay Heizer, Render Barry |
| 250 ## - MENCIÓN DE EDICIÓN | |
| Mención de edición | 4 |
| 260 ## - PUBLICACIÓN, DISTRIBUCIÓN, ETC. (PIE DE IMPRENTA) | |
| Lugar de publicación, distribución, etc. | España : Prentice Hall |
| 300 ## - DESCRIPCIÓN FÍSICA | |
| Extensión | xiv, 576 p. / 26 cm. |
| 650 ## - ASIENTO SECUNDARIO DE MATERIA - TERMINO TEMÁTICO | |
| Término temático o nombre geográfico como elemento de entrada | 1.ADMINISTRACION DE LA PRODUCCION |
| 700 ## - ASIENTO SECUNDARIO - NOMBRE PERSONAL | |
| Nombre personal | Render, Barry |
| No. biblioteca | No. biblioteca | Número de clasificación | Código de barras/Número de adquisición | Número de copia | Tipo de material |
|---|---|---|---|---|---|
| LUIS G. INCLAN | LUIS G. INCLAN | 658.5 H465d | 40724 | 1 | Libros |
| LUIS G. INCLAN | LUIS G. INCLAN | 658.5 H465d | 40725 | 2 | Libros |
| LUIS G. INCLAN | LUIS G. INCLAN | 658.5 H465d | 40726 | 3 | Libros |
